[Event "NOR-chT Elite 2324"]
[Site "Norway"]
[Date "2024.03.10"]
[Round "9.34"]
[White "Tallaksen, Levi Andre"]
[Black "Gabrielsen, Stig"]
[Result "1/2-1/2"]
[WhiteElo "2312"]
[BlackElo "2277"]
[PlyCount "66"]
[EventDate "2023.10.27"]
[EventType "team-tourn"]
[EventRounds "9"]
[EventCountry "NOR"]
[SourceTitle "CB16_2024"]
[SourceDate "2024.04.17"]
[SourceVersion "1"]
[SourceVersionDate "2024.04.17"]
[SourceQuality "1"]
[WhiteTeam "Stavanger"]
[BlackTeam "Bergens"]
[WhiteTeamCountry "NOR"]
[BlackTeamCountry "NOR"]

1. d4 Nf6 2. c4 e6 3. Nc3 Bb4 4. f3 Nh5 5. g3 f5 6. Nh3 0-0 7. Bg2 d6 8. f4 Nf6 9. 0-0 Nc6 10. d5 Ne7 11. Nf2 a5 12. Qd3 e5 13. fxe5 dxe5 14. e4 h6 15. Be3 fxe4 16. Ncxe4 Nf5 17. Nxf6+ Rxf6 18. Ne4 Rf8 19. c5 b6 20. Qb3 a4 21. Qxb4 Nxe3 22. Rxf8+ Qxf8 23. Qd2 Nxg2 24. Rf1 Qe8 25. Kxg2 Qh5 26. h4 Ba6 27. Rf2 Qg4 28. Qb4 h5 29. Qe1 Bc4 30. Nc3 Re8 31. cxb6 cxb6 32. Qe3 b5 33. a3 e4 1/2-1/2

[Event "NOR-chT Elite 1920"]
[Site "Norway"]
[Date "2019.12.07"]
[Round "2.4"]
[White "Gabrielsen, Stig"]
[Black "Machlik, Monika"]
[Result "1-0"]
[WhiteElo "2296"]
[BlackElo "2158"]
[PlyCount "133"]
[EventDate "2019.11.01"]
[EventType "team-tourn"]
[EventRounds "9"]
[EventCountry "NOR"]
[SourceTitle "CBM 194 Extra"]
[Source "ChessBase"]
[SourceDate "2020.03.31"]
[SourceVersion "1"]
[SourceVersionDate "2020.03.31"]
[SourceQuality "1"]
[WhiteTeam "Bergens"]
[BlackTeam "Tromsoe"]
[WhiteTeamCountry "NOR"]
[BlackTeamCountry "NOR"]

1. e4 c6 2. d4 d5 3. Nc3 dxe4 4. Nxe4 Bf5 5. Ng3 Bg6 6. h4 h6 7. Nf3 Nd7 8. h5 Bh7 9. Bd3 Bxd3 10. Qxd3 e6 11. Bd2 Qc7 12. 0-0-0 Ngf6 13. Ne4 0-0-0 14. g3 Nc5 15. Nxc5 Bxc5 16. c4 Qe7 17. a3 Ng4 18. Rhf1 Rhe8 19. Bc3 f5 20. Qe2 Bb6 21. Rd3 Qf7 22. Rh1 Re7 23. Rdd1 Ree8 24. Kb1 Kb8 25. Ka1 Ka8 26. b4 Re7 27. a4 Bc7 28. b5 Qe8 29. Rde1 Qd7 30. Qb2 Ree8 31. Re2 Nf6 32. Nd2 Qd6 33. Rb1 c5 34. Nb3 cxd4 35. Bxd4 e5 36. Bc3 Ne4 37. Be1 Nc5 38. a5 Nxb3+ 39. Qxb3 Bb8 40. Bc3 Qc5 41. Bb4 Qd4+ 42. Bc3 Qg4 43. Rc2 Rc8 44. Bb4 Qd4+ 45. Ka2 e4 46. c5 Qd3 47. Qxd3 exd3 48. Rd2 Re2 49. Rxe2 dxe2 50. Re1 Re8 51. Bd2 Bc7 52. b6 Bd8 53. Be3 Be7 54. Kb3 Bf8 55. Kc4 Re4+ 56. Kd5 axb6 57. axb6 Kb8 58. Rxe2 Kc8 59. Ra2 Be7 60. Ra8+ Kd7 61. Rb8 Bf6 62. Rxb7+ Kc8 63. Rc7+ Kd8 64. Bf4 Rb4 65. Kc6 Bd4 66. Bd6 Bxf2 67. b7 1-0

[Event "NOR-chT 1718"]
[Site "Norway"]
[Date "2018.03.03"]
[Round "8.3"]
[White "Gabrielsen, Stig"]
[Black "Haug, Johannes"]
[Result "0-1"]
[WhiteElo "2307"]
[BlackElo "2363"]
[PlyCount "84"]
[EventDate "2017.11.03"]
[EventType "team-tourn"]
[EventRounds "9"]
[EventCountry "NOR"]
[SourceTitle "EXT 2019"]
[Source "ChessBase"]
[SourceDate "2018.10.10"]
[SourceVersion "1"]
[SourceVersionDate "2018.10.10"]
[SourceQuality "1"]
[WhiteTeam "Bergens"]
[BlackTeam "Nordstrand"]
[WhiteTeamCountry "NOR"]
[BlackTeamCountry "NOR"]

1. e4 e5 2. Nf3 Nc6 3. Bb5 a6 4. Ba4 d6 5. c3 Bd7 6. d4 g6 7. 0-0 Bg7 8. d5 Nce7 9. Bxd7+ Qxd7 10. c4 h6 11. Nc3 f5 12. Ne1 Nf6 13. f3 0-0 14. Nd3 f4 15. Bd2 g5 16. Qa4 Qd8 17. c5 Ng6 18. Be1 g4 19. Rc1 gxf3 20. gxf3 Nh7 21. Kh1 Qc8 22. Qc2 Qh3 23. Qg2 Qh5 24. Na4 Ng5 25. cxd6 cxd6 26. Nb6 Rad8 27. Rc4 Rf7 28. a4 Bf6 29. Qg4 Qxg4 30. fxg4 Rg7 31. a5 Nf7 32. h3 Rh7 33. Nf2 Ng5 34. Rc3 h5 35. Rg1 Kh8 36. gxh5 Rxh5 37. Rg4 f3 38. Rc7 Nxh3 39. Nxh3 Rxh3+ 40. Kg1 Nf4 41. Bc3 Bh4 42. Rxf4 Rg8+ 0-1

[Event "NOR-chT 1718"]
[Site "Norway"]
[Date "2018.03.02"]
[Round "7.2"]
[White "Flermoen, Peter"]
[Black "Gabrielsen, Stig"]
[Result "1-0"]
[WhiteElo "2252"]
[BlackElo "2307"]
[PlyCount "75"]
[EventDate "2017.11.03"]
[EventType "team-tourn"]
[EventRounds "9"]
[EventCountry "NOR"]
[SourceTitle "EXT 2019"]
[Source "ChessBase"]
[SourceDate "2018.10.10"]
[SourceVersion "1"]
[SourceVersionDate "2018.10.10"]
[SourceQuality "1"]
[WhiteTeam "Alta"]
[BlackTeam "Bergens"]
[WhiteTeamCountry "NOR"]
[BlackTeamCountry "NOR"]

1. e4 c5 2. Nf3 e6 3. Nc3 a6 4. d4 cxd4 5. Nxd4 b5 6. Bd3 Qb6 7. Nb3 Qc7 8. 0-0 Bb7 9. Be3 Nf6 10. a3 d6 11. f4 Nbd7 12. Qe2 Be7 13. Rad1 g6 14. Bf2 0-0 15. Bh4 Bd8 16. Bg5 Nc5 17. Kh1 Nfd7 18. Bh6 Re8 19. Rf3 Bf6 20. Rh3 Na4 21. Nxa4 bxa4 22. Nd2 Bxb2 23. Nf3 Bg7 24. Ng5 Nf8 25. Bxg7 Kxg7 26. e5 Red8 27. Qf2 Qe7 28. Qh4 h5 29. Qg3 Rac8 30. Rxh5 dxe5 31. fxe5 Rxd3 32. cxd3 Rc2 33. Ne4 Ra2 34. Rh3 Rxa3 35. Qf4 g5 36. Nxg5 Ra2 37. Ne4 Ng6 38. Qh6+ 1-0

[Event "Oslo op"]
[Site "Fornebu"]
[Date "2017.10.04"]
[Round "7"]
[White "Gabrielsen, Stig"]
[Black "Vitenberg, Noam Aviv"]
[Result "1-0"]
[WhiteElo "2314"]
[BlackElo "1989"]
[PlyCount "81"]
[EventDate "2017.09.29"]
[EventType "swiss"]
[EventRounds "10"]
[EventCountry "NOR"]
[SourceTitle "CBM 181 Extra"]
[Source "ChessBase"]
[SourceDate "2017.12.12"]
[SourceVersion "1"]
[SourceVersionDate "2017.12.12"]
[SourceQuality "1"]

1. e4 e6 2. d4 d5 3. Nc3 dxe4 4. Nxe4 Bd7 5. c4 Bc6 6. Nc3 b6 7. Nf3 Nd7 8. d5 exd5 9. cxd5 Bb7 10. Bb5 Ngf6 11. 0-0 Be7 12. Nd4 0-0 13. Bc6 Qc8 14. Nf5 Re8 15. Re1 Bf8 16. Rxe8 Nxe8 17. Nh6+ gxh6 18. Qg4+ Kh8 19. Bxb7 Qxb7 20. Qxd7 Nd6 21. Bf4 Qc8 22. Qc6 Qb7 23. Be5+ Kg8 24. Qa4 Bg7 25. Qg4 Ne8 26. Re1 Qc8 27. Qf4 Qd7 28. Re3 Bxe5 29. Qxe5 Ng7 30. Rg3 f5 31. h3 Rf8 32. Ne2 Rf7 33. Nf4 Qd6 34. Qe8+ Qf8 35. Qa4 a5 36. Ne6 Qe7 37. Qc6 Kh8 38. Nxg7 f4 39. Rg4 Qe1+ 40. Kh2 Rxg7 41. Qa8+ 1-0

[Event "NOR-chT 1617"]
[Site "Norway"]
[Date "2017.01.14"]
[Round "5.3"]
[White "Hauge, Lars Oskar"]
[Black "Gabrielsen, Stig"]
[Result "1-0"]
[WhiteElo "2404"]
[BlackElo "2300"]
[PlyCount "69"]
[EventDate "2016.10.28"]
[EventType "team-tourn"]
[EventRounds "9"]
[EventCountry "NOR"]
[SourceTitle "EXT 2018"]
[Source "ChessBase"]
[SourceDate "2017.10.13"]
[SourceVersion "1"]
[SourceVersionDate "2017.10.13"]
[SourceQuality "1"]
[WhiteTeam "OSS"]
[BlackTeam "Bergens"]
[WhiteTeamCountry "NOR"]
[BlackTeamCountry "NOR"]

1. d4 Nf6 2. Nc3 d5 3. Bf4 g6 4. Nf3 Bg7 5. e3 0-0 6. Be2 b6 7. Ne5 Bb7 8. h4 Nfd7 9. h5 Nxe5 10. Bxe5 f6 11. Bg3 e5 12. hxg6 hxg6 13. dxe5 fxe5 14. e4 c6 15. Qd2 Rf7 16. 0-0-0 Rd7 17. Bg4 d4 18. Be6+ Kf8 19. Bxd7 Nxd7 20. Ne2 Qe7 21. f4 c5 22. Bh4 Qe6 23. Kb1 Kg8 24. fxe5 Nxe5 25. Nf4 Qd7 26. Qe2 Re8 27. Rhf1 Qa4 28. Nd3 Nc4 29. b3 Na3+ 30. Kb2 Qa6 31. Qf3 Rf8 32. Qg4 Rxf1 33. Rxf1 c4 34. Qe6+ Kh7 35. Bg5 1-0

[Event "Oslo Sveins op 8th"]
[Site "Oslo"]
[Date "2015.06.23"]
[Round "8"]
[White "Vestby Ellingsen, Mads"]
[Black "Gabrielsen, Stig"]
[Result "0-1"]
[WhiteElo "1836"]
[BlackElo "2337"]
[PlyCount "78"]
[EventDate "2015.06.19"]
[EventType "swiss"]
[EventRounds "9"]
[EventCountry "NOR"]
[SourceTitle "CBM 167 Extra"]
[Source "ChessBase"]
[SourceDate "2015.09.14"]
[SourceVersion "1"]
[SourceVersionDate "2015.09.14"]
[SourceQuality "1"]

1. e4 c5 2. Nf3 e6 3. b3 Nf6 4. Qe2 Nc6 5. Bb2 d6 6. g3 Be7 7. Bg2 0-0 8. 0-0 Nd7 9. d4 cxd4 10. Nxd4 Qb6 11. Nxc6 bxc6 12. c4 Bb7 13. Rd1 e5 14. Nc3 Nc5 15. Rd2 a5 16. Ba3 Ne6 17. Qe3 Nd4 18. Na4 Qa7 19. c5 Rad8 20. cxd6 Bxd6 21. Bxd6 Rxd6 22. Rad1 Rfd8 23. Kh1 h6 24. Bf1 c5 25. Bg2 Bc6 26. Nb2 Bb5 27. Nc4 Bxc4 28. bxc4 Rb8 29. Qc3 Rdb6 30. Qa3 Rb4 31. Rc1 Qa6 32. Bf1 a4 33. Rdd1 Rb2 34. Qxc5 Rxf2 35. Rxd4 exd4 36. Qxd4 Rbb2 37. e5 Rbd2 38. Qe4 Qa5 39. Rb1 Rxh2+ 0-1

[Event "Oslo Sveins op 8th"]
[Site "Oslo"]
[Date "2015.06.21"]
[Round "5"]
[White "Gabrielsen, Stig"]
[Black "Berg, Emanuel"]
[Result "0-1"]
[WhiteElo "2337"]
[BlackElo "2558"]
[PlyCount "180"]
[EventDate "2015.06.19"]
[EventType "swiss"]
[EventRounds "9"]
[EventCountry "NOR"]
[SourceTitle "CBM 167 Extra"]
[Source "ChessBase"]
[SourceDate "2015.09.14"]
[SourceVersion "1"]
[SourceVersionDate "2015.09.14"]
[SourceQuality "1"]

1. e4 c5 2. Nf3 e6 3. d4 cxd4 4. Nxd4 a6 5. Bd3 Nf6 6. 0-0 Qc7 7. c4 Bc5 8. Nb3 Be7 9. Nc3 d6 10. f4 Nbd7 11. Bd2 b6 12. Qe2 Bb7 13. Rae1 Rd8 14. Bb1 h5 15. e5 dxe5 16. fxe5 Ng4 17. Bf4 Bh4 18. Nd5 Qc8 19. g3 g5 20. Bd2 Ngxe5 21. Nf6+ Nxf6 22. Qxe5 Qc6 23. Be4 Nxe4 24. Qxh8+ Kd7 25. Qd4+ Ke8 26. Qxe4 Qxe4 27. Rxe4 Bxe4 28. Be3 Rd3 29. Kf2 f5 30. gxh4 f4 31. Bc1 Rh3 32. hxg5 Rxh2+ 33. Ke1 e5 34. Rf2 Rh1+ 35. Rf1 Rh2 36. Rf2 Rh1+ 37. Kd2 h4 38. Re2 h3 39. Rxe4 f3 40. Rxe5+ Kd7 41. Rd5+ Kc8 42. g6 f2 43. g7 Rg1 44. Rf5 h2 45. Rxf2 h1Q 46. Rf8+ Kb7 47. g8Q Qh2+ 48. Kc3 Qe5+ 49. Kb4 a5+ 50. Ka3 Rxg8 51. Rxg8 Qe4 52. Rg7+ Kc8 53. Rg8+ Kb7 54. Rg7+ Kb8 55. Rg8+ Kb7 56. Rg7+ Kc6 57. Rg3 Qe7+ 58. c5 Qe4 59. Nxa5+ bxa5 60. Rb3 Kxc5 61. Be3+ Kc4 62. Rc3+ Kb5 63. Rb3+ Kc6 64. Rc3+ Kb5 65. Rb3+ Kc6 66. Rc3+ Kd5 67. Rc5+ Kd6 68. Rxa5 Qxe3+ 69. b3 Kc6 70. Rh5 Qa7+ 71. Kb2 Qd4+ 72. Ka3 Qa7+ 73. Kb2 Qg7+ 74. Ka3 Qe7+ 75. b4 Qa7+ 76. Ra5 Qe3+ 77. Kb2 Qd4+ 78. Kb3 Qa1 79. Kc2 Kb7 80. Rb5+ Ka6 81. Ra5+ Kb6 82. Kb3 Qb1+ 83. Ka3 Qd3+ 84. Kb2 Qc4 85. a3 Qe2+ 86. Kb3 Qd3+ 87. Kb2 Qd2+ 88. Kb1 Qc3 89. Ka2 Qc2+ 90. Ka1 Qb3 0-1

[Event "Oslo op"]
[Site "Oslo"]
[Date "2011.10.05"]
[Round "5"]
[White "Moor, Olivier"]
[Black "Gabrielsen, Stig"]
[Result "0-1"]
[WhiteElo "2399"]
[BlackElo "2311"]
[PlyCount "80"]
[EventDate "2011.10.02"]
[EventType "swiss"]
[EventRounds "9"]
[EventCountry "NOR"]
[SourceTitle "CBM 144 Extra"]
[Source "ChessBase"]
[SourceDate "2011.10.28"]
[SourceVersion "1"]
[SourceVersionDate "2011.10.28"]
[SourceQuality "1"]

1. d4 f5 2. Nf3 Nf6 3. Bf4 g6 4. h3 d6 5. e3 Bg7 6. Bc4 e6 7. g4 a6 8. gxf5 exf5 9. Nbd2 Nc6 10. a3 Qe7 11. Qe2 Bd7 12. 0-0-0 b5 13. Ba2 Nd8 14. h4 a5 15. h5 Nxh5 16. Rxh5 gxh5 17. Ng5 h6 18. Qxh5+ Kf8 19. Ngf3 Qe8 20. Qh3 Nf7 21. Rg1 Bf6 22. Nh4 Ng5 23. Qg2 Rb8 24. Qd5 Be6 25. Bxd6+ cxd6 26. Qxd6+ Kf7 27. d5 Bd7 28. Qc7 Rc8 29. Qb7 Rb8 30. Qc7 Qc8 31. d6+ Kg7 32. Nxf5+ Kg6 33. Nh4+ Kh7 34. Qxa5 Qc5 35. f4 Rhc8 36. c3 Qxe3 37. Bb1+ Kh8 38. Rf1 Ne6 39. Ng6+ Kg7 40. Qb4 Nc5 0-1

[Event "NOR-ch"]
[Site "Oslo"]
[Date "2011.07.07"]
[Round "6"]
[White "Ostenstad, Berge"]
[Black "Gabrielsen, Stig"]
[Result "1-0"]
[WhiteElo "2462"]
[BlackElo "2297"]
[PlyCount "63"]
[EventDate "2011.07.02"]
[EventType "swiss"]
[EventRounds "9"]
[EventCountry "NOR"]
[SourceTitle "CBM 143 Extra"]
[Source "ChessBase"]
[SourceDate "2011.08.29"]
[SourceVersion "1"]
[SourceVersionDate "2011.08.29"]
[SourceQuality "1"]

1. Nf3 c5 2. c4 g6 3. e4 Bg7 4. d4 cxd4 5. Nxd4 Nc6 6. Be3 Nf6 7. Nc3 0-0 8. Be2 d6 9. 0-0 Bd7 10. Nc2 a5 11. f3 Nb4 12. Na3 Bc6 13. Qd2 Nd7 14. Nab5 Nc5 15. Rad1 Ne6 16. f4 b6 17. Bf3 Nc5 18. Qe2 Qb8 19. a3 Nba6 20. Qc2 Rd8 21. Nd5 Re8 22. e5 Kh8 23. exd6 exd6 24. Bd4 Ne6 25. Bc3 Nac5 26. f5 Ng5 27. Nbc7 Nxf3+ 28. Rxf3 Bxd5 29. Bxg7+ Kxg7 30. Nxe8+ Qxe8 31. Qc3+ Kg8 32. Rxd5 1-0